| 000 | 00436nam a2200181 a 4500 | ||
|---|---|---|---|
| 001 | 1765802922031 | ||
| 003 | ACL | ||
| 005 | 20251215181959.0 | ||
| 008 | 251215s2008##################000#0#eng## | ||
| 020 | _a9781844036127 | ||
| 082 | 0 | 4 |
_a641.3 _bCAS |
| 100 | 1 |
_aCase, Frances, _eauthor. |
|
| 245 | 1 | 0 | _a1001 Foods You Must Try Before You Die : |
| 260 | _c2008. | ||
| 650 | 0 | _aCooking. | |
| 942 | _cENGLISH | ||
| 040 |
_aACL _beng _cACL |
||
| 999 |
_c602566 _d602566 |
||